[Event "Havana-B"]
[Site "Havana"]
[Date "1985.??.??"]
[Round "12"]
[White "Hernandez Onna, Roman"]
[Black "Arencibia Rodriguez, Walter"]
[Result "1/2-1/2"]
[WhiteElo "2440"]
[BlackElo "2380"]
[PlyCount "246"]
[EventDate "1985.05.??"]
[EventType "tourn"]
[EventRounds "13"]
[EventCountry "CUB"]
[EventCategory "8"]
[SourceTitle "MCD"]
[Source "ChessBase"]
[SourceDate "1999.07.01"]

1. d4 d5 2. Nf3 e6 3. c4 c5 4. cxd5 exd5 5. g3 Nc6 6. Bg2 Nf6 7. O-O Be7 8. Nc3
O-O 9. dxc5 Bxc5 10. b3 a6 11. e3 Re8 12. Bb2 Bg4 13. h3 Be6 14. Ne2 Ne4 15.
Nfd4 Qg5 16. Nf4 Rad8 17. Rc1 Bxd4 18. Bxd4 Bc8 19. Ba1 Qh6 20. Qh5 Qxh5 21.
Nxh5 f6 22. Nf4 Be6 23. Nxe6 Rxe6 24. Rfd1 Kf7 25. g4 Red6 26. h4 b6 27. Bd4
Nxd4 28. Rxd4 Nc5 29. Rcd1 Ke6 30. b4 Nb7 31. f4 g6 32. f5+ gxf5 33. gxf5+ Ke5
34. e4 R6d7 35. exd5 Nd6 36. Rg4 Nxf5 37. Re1+ Kd6 38. Rf4 Re7 39. Rxe7 Nxe7
40. Rxf6+ Kc7 41. Rf7 Kd6 42. Rxh7 Nxd5 43. a3 Ne3 44. Bf3 Rf8 45. Be2 Nc2 46.
Rh6+ Kc7 47. Bxa6 Nxa3 48. b5 Rf5 49. Rc6+ Kd8 50. Rxb6 Nxb5 51. Bxb5 Rh5 52.
Kg2 Rxh4 53. Be2 Ra4 54. Kf3 Ra2 55. Bd3 Ra4 56. Be4 Kc7 57. Rb5 Ra1 58. Kf4
Kd6 59. Rd5+ Ke7 60. Ke5 Re1 61. Ra5 Re2 62. Ra7+ Ke8 63. Kd5 Kf8 64. Bf5 Re7
65. Ra6 Re8 66. Ra7 Re7 67. Bd7 Kf7 68. Kd6 Kf6 69. Ra3 Re1 70. Rf3+ Kg5 71.
Be6 Ra1 72. Rf5+ Kh4 73. Rf4+ Kg3 74. Rg4+ Kf2 75. Bd5 Ke3 76. Ke5 Ra7 77. Rg3+
Kd2 78. Kd4 Rd7 79. Rg2+ Kd1 80. Ke4 Kc1 81. Bc4 Rd2 82. Be2 Kc2 83. Ke3 Kc3
84. Rg4 Rd8 85. Rc4+ Kb3 86. Bd3 Rh8 87. Rc1 Rh3+ 88. Kd4 Rh4+ 89. Be4 Kb4 90.
Rc3 Kb5 91. Rc7 Kb4 92. Rb7+ Ka4 93. Rb8 Rg4 94. Ke5 Ka3 95. Rb1 Ka4 96. Bc6+
Ka3 97. Be4 Ka2 98. Bf5 Rh4 99. Rb7 Ka3 100. Be4 Ka4 101. Bd5 Ka3 102. Rb3+ Ka4
103. Kd6 Rb4 104. Rg3 Kb5 105. Rg8 Kb6 106. Rc8 Ka7 107. Rc7+ Kb6 108. Rc1 Kb5
109. Bf3 Kb6 110. Rc2 Rd4+ 111. Bd5 Rb4 112. Bc4 Rb1 113. Ra2 Rb4 114. Bd5 Kb5
115. Ra8 Kb6 116. Rd8 Kb5 117. Rc8 Kb6 118. Rc5 Rb5 119. Rc6+ Ka5 120. Rc4 Rb4
121. Rc3 Kb6 122. Bc4 Rb1 123. Bb3 Rb2 1/2-1/2

[Event "Capablanca Memorial-B"]
[Site "Cienfuegos"]
[Date "1985.??.??"]
[Round "4"]
[White "Lechtynsky, Jiri"]
[Black "Hernandez Onna, Roman"]
[Result "1/2-1/2"]
[WhiteElo "2445"]
[BlackElo "2440"]
[PlyCount "30"]
[EventDate "1985.05.22"]
[EventType "tourn"]
[EventRounds "13"]
[EventCountry "CUB"]
[EventCategory "8"]
[SourceTitle "MCL"]
[Source "ChessBase"]
[SourceDate "1999.07.01"]

1. e4 e5 2. Nf3 Nc6 3. Bb5 a6 4. Bxc6 dxc6 5. O-O Qd6 6. d4 exd4 7. Qxd4 Qxd4
8. Nxd4 Bd7 9. Nc3 O-O-O 10. Be3 Nf6 11. f3 Bc5 12. Rfd1 Rhe8 13. Kf2 Bd6 14.
a4 a5 15. Nb3 Bb4 1/2-1/2

[Event "Capablanca Memorial-B"]
[Site "Cienfuegos"]
[Date "1985.??.??"]
[Round "5"]
[White "Hernandez Onna, Roman"]
[Black "Pecorelli Garcia, Humberto"]
[Result "1/2-1/2"]
[WhiteElo "2440"]
[BlackElo "2435"]
[PlyCount "42"]
[EventDate "1985.05.22"]
[EventType "tourn"]
[EventRounds "13"]
[EventCountry "CUB"]
[EventCategory "8"]
[SourceTitle "MCL"]
[Source "ChessBase"]
[SourceDate "1999.07.01"]

1. d4 Nf6 2. Nf3 g6 3. c4 Bg7 4. Nc3 O-O 5. e4 d6 6. Be2 Bg4 7. O-O Nc6 8. Be3
Re8 9. d5 Bxf3 10. Bxf3 Nb8 11. Qd2 Nbd7 12. Bh6 Bh8 13. Rac1 c6 14. h3 Rc8 15.
b3 Qa5 16. Rfe1 a6 17. dxc6 bxc6 18. Nd5 Qxd2 19. Nxf6+ Bxf6 20. Bxd2 c5 21.
Bg4 Rc7 1/2-1/2

[Event "Capablanca Memorial-B"]
[Site "Cienfuegos"]
[Date "1985.??.??"]
[Round "6"]
[White "Montiel, Pedro"]
[Black "Hernandez Onna, Roman"]
[Result "0-1"]
[WhiteElo "2310"]
[BlackElo "2440"]
[PlyCount "80"]
[EventDate "1985.05.22"]
[EventType "tourn"]
[EventRounds "13"]
[EventCountry "CUB"]
[EventCategory "8"]
[SourceTitle "MCL"]
[Source "ChessBase"]
[SourceDate "1999.07.01"]

1. e4 c5 2. c3 e6 3. d4 d5 4. exd5 exd5 5. Nf3 Nc6 6. Be3 cxd4 7. Bxd4 a6 8.
Be2 Nxd4 9. Nxd4 Nf6 10. Nd2 Bc5 11. O-O O-O 12. N2f3 Re8 13. h3 Bd7 14. Bd3
Qc7 15. Qc2 Qf4 16. Qc1 Qd6 17. Qc2 g6 18. Rfe1 Nh5 19. Qd2 Nf4 20. Bf1 Qf6 21.
Rxe8+ Rxe8 22. Re1 Re4 23. Kh2 Ne6 24. Nxe6 Bxe6 25. Rxe4 dxe4 26. Qg5 Qxg5 27.
Nxg5 Bd5 28. c4 Bc6 29. f3 f5 30. fxe4 fxe4 31. Ne6 Bd6+ 32. g3 e3 33. Be2 h5
34. h4 Bd7 35. Nf4 Bxf4 36. gxf4 Bg4 37. Bxg4 hxg4 38. Kg3 Kf7 39. b4 Ke6 40.
a4 Kf5 0-1

[Event "Capablanca Memorial-B"]
[Site "Cienfuegos"]
[Date "1985.??.??"]
[Round "7"]
[White "Hernandez Onna, Roman"]
[Black "Verduga Zavala, Denis"]
[Result "1/2-1/2"]
[WhiteElo "2440"]
[BlackElo "2415"]
[PlyCount "24"]
[EventDate "1985.05.22"]
[EventType "tourn"]
[EventRounds "13"]
[EventCountry "CUB"]
[EventCategory "8"]
[SourceTitle "MCL"]
[Source "ChessBase"]
[SourceDate "1999.07.01"]

1. d4 Nf6 2. Nf3 g6 3. c4 Bg7 4. Nc3 O-O 5. e4 c5 6. Be2 cxd4 7. Nxd4 Nc6 8.
Be3 b6 9. O-O Bb7 10. f3 Rc8 11. Rc1 Nxd4 12. Bxd4 Bh6 1/2-1/2

[Event "Capablanca Memorial-B"]
[Site "Cienfuegos"]
[Date "1985.??.??"]
[Round "8"]
[White "Huerta, Ramon"]
[Black "Hernandez Onna, Roman"]
[Result "1/2-1/2"]
[WhiteElo "2440"]
[BlackElo "2440"]
[PlyCount "25"]
[EventDate "1985.05.22"]
[EventType "tourn"]
[EventRounds "13"]
[EventCountry "CUB"]
[EventCategory "8"]
[SourceTitle "MCL"]
[Source "ChessBase"]
[SourceDate "1999.07.01"]

1. d4 Nf6 2. c4 e6 3. Nc3 Bb4 4. f3 c5 5. d5 d6 6. e4 O-O 7. Nge2 b5 8. a3 Ba5
9. Ng3 bxc4 10. Bxc4 exd5 11. Bxd5 Nxd5 12. Qxd5 Be6 13. Qxa8 1/2-1/2

[Event "Capablanca Memorial-B"]
[Site "Cienfuegos"]
[Date "1985.??.??"]
[Round "10"]
[White "Vogt, Lothar"]
[Black "Hernandez Onna, Roman"]
[Result "1/2-1/2"]
[WhiteElo "2460"]
[BlackElo "2440"]
[PlyCount "37"]
[EventDate "1985.05.22"]
[EventType "tourn"]
[EventRounds "13"]
[EventCountry "CUB"]
[EventCategory "8"]
[SourceTitle "MCL"]
[Source "ChessBase"]
[SourceDate "1999.07.01"]

1. e4 c5 2. Nf3 Nc6 3. d4 cxd4 4. Nxd4 g6 5. Nc3 Bg7 6. Nb3 Nf6 7. Be2 O-O 8.
O-O d6 9. Bg5 a6 10. f4 b5 11. a3 Bb7 12. Kh1 Na5 13. Nxa5 Qxa5 14. Bf3 b4 15.
axb4 Qxb4 16. e5 dxe5 17. Bxb7 Qxb7 18. fxe5 Nh5 19. Qf3 1/2-1/2

[Event "Capablanca Memorial-B"]
[Site "Cienfuegos"]
[Date "1985.??.??"]
[Round "12"]
[White "Tatai, Stefano"]
[Black "Hernandez Onna, Roman"]
[Result "1-0"]
[WhiteElo "2475"]
[BlackElo "2440"]
[PlyCount "131"]
[EventDate "1985.05.22"]
[EventType "tourn"]
[EventRounds "13"]
[EventCountry "CUB"]
[EventCategory "8"]
[SourceTitle "MCL"]
[Source "ChessBase"]
[SourceDate "1999.07.01"]

1. d4 Nf6 2. c4 e6 3. Nc3 Bb4 4. e3 O-O 5. Bd3 c5 6. Nge2 d5 7. cxd5 exd5 8. a3
cxd4 9. axb4 dxc3 10. Nxc3 Bg4 11. f3 Bh5 12. O-O Nc6 13. b5 Nb4 14. Bb1 a5 15.
bxa6 bxa6 16. Ne2 Bg6 17. Bd2 Qe7 18. Nd4 Nd3 19. Bxd3 Bxd3 20. Re1 Rfe8 21.
Bc3 Bg6 22. Qd2 h5 23. Qf2 Nd7 24. Nc6 Qd6 25. Na5 Nc5 26. Qh4 Rac8 27. Qd4 Ne6
28. Qd2 h4 29. Rad1 Red8 30. Nb7 Qe7 31. Nxd8 Rxd8 32. Ba5 Rd7 33. Qb4 Qg5 34.
Qg4 Qxg4 35. fxg4 h3 36. gxh3 Be4 37. Kf2 Nc5 38. Kg3 Nb3 39. Bc3 Rc7 40. Rf1
a5 41. Rf4 a4 42. Be5 Rc6 43. h4 Nc5 44. Rd2 Nd3 45. Rxd3 Bxd3 46. Rxa4 Rc2 47.
Rf4 Be4 48. Rf2 Rc1 49. h5 Rg1+ 50. Kh4 Rb1 51. Bd4 Bd3 52. Kg3 Be4 53. Kf4 f6
54. Kg3 Kh7 55. Kh4 Kh6 56. Bc5 Rg1 57. Bf8 Kh7 58. Bd6 Kg8 59. b4 Kf7 60. Bc5
Rb1 61. Ra2 Rb3 62. Ra7+ Kg8 63. h6 gxh6 64. Kh5 Rb2 65. Bd6 Rg2 66. Kxh6 1-0

[Event "Capablanca Memorial-B"]
[Site "Cienfuegos"]
[Date "1985.??.??"]
[Round "13"]
[White "Hernandez Onna, Roman"]
[Black "Garcia Palermo, Carlos H"]
[Result "1/2-1/2"]
[WhiteElo "2440"]
[BlackElo "2520"]
[PlyCount "70"]
[EventDate "1985.05.22"]
[EventType "tourn"]
[EventRounds "13"]
[EventCountry "CUB"]
[EventCategory "8"]
[SourceTitle "MCL"]
[Source "ChessBase"]
[SourceDate "1999.07.01"]

1. d4 Nf6 2. Nf3 g6 3. c4 Bg7 4. Nc3 d5 5. cxd5 Nxd5 6. e4 Nxc3 7. bxc3 O-O 8.
Be2 b6 9. O-O Bb7 10. Qd3 c5 11. Bf4 Qd7 12. Qe3 cxd4 13. cxd4 Nc6 14. Rad1
Rfc8 15. Bh6 Bh8 16. Qf4 Nd8 17. Ne5 Qe8 18. Bc4 Rxc4 19. Nxc4 Ba6 20. Rc1 Qa4
21. Ne3 Bxf1 22. Nd5 Qe8 23. Qh4 Bxd4 24. Nxe7+ Kh8 25. Bg5 Bg7 26. Rxf1 Ne6
27. Bf6 Qa4 28. Nd5 Re8 29. Bxg7+ Kxg7 30. Qf6+ Kg8 31. Qe5 Rd8 32. Nf6+ Kh8
33. Nh5+ Kg8 34. Nf6+ Kg7 35. Nd5+ Kg8 1/2-1/2

[Event "Tbilisi tt"]
[Site "Tbilisi"]
[Date "1986.??.??"]
[Round "?"]
[White "Chekhov, Valery A"]
[Black "Hernandez Onna, Roman"]
[Result "1-0"]
[WhiteElo "2495"]
[BlackElo "2450"]
[PlyCount "111"]
[EventDate "1986.??.??"]
[EventType "team"]
[EventRounds "9"]
[EventCountry "URS"]
[SourceTitle "EXT 2000"]
[Source "ChessBase"]
[SourceDate "1999.11.16"]

1. d4 Nf6 2. c4 e6 3. Nf3 d5 4. Nc3 Be7 5. Bg5 Nbd7 6. e3 c6 7. Qc2 O-O 8. Rd1
Re8 9. a3 Qa5 10. Bd3 dxc4 11. Bxc4 Nd5 12. Bxe7 Rxe7 13. O-O Nxc3 14. bxc3
Qxa3 15. e4 Re8 16. e5 Qe7 17. Rfe1 Nf8 18. h4 Rd8 19. h5 Bd7 20. Qe4 Be8 21.
Qg4 Kh8 22. Re3 a5 23. Ng5 h6 24. Ne4 Nh7 25. Rg3 Qf8 26. Ba2 a4 27. Rdd3 b5
28. Nc5 Rd5 29. Bxd5 cxd5 30. f4 a3 31. Rd1 f5 32. Qe2 Qf7 33. Ra1 Nf8 34. Re3
Qxh5 35. Qxh5 Bxh5 36. Ra2 Kg8 37. Re1 g5 38. fxg5 hxg5 39. Rea1 Kf7 40. Rxa3
Rxa3 41. Rxa3 f4 42. Kf2 g4 43. g3 f3 44. Ra5 Kg6 45. Ra8 Kf7 46. Rb8 Bg6 47.
Rb7+ Ke8 48. Rxb5 Bf5 49. Rb8+ Kf7 50. Nb7 Bd3 51. Nd6+ Kg7 52. Ke3 Bg6 53.
Rb7+ Kh6 54. Re7 Kh5 55. Ne8 Kh6 56. Ng7 1-0

[Event "Tbilisi tt"]
[Site "Tbilisi"]
[Date "1986.??.??"]
[Round "?"]
[White "Hernandez Onna, Roman"]
[Black "Pinter, Jozsef"]
[Result "0-1"]
[WhiteElo "2450"]
[BlackElo "2555"]
[PlyCount "60"]
[EventDate "1986.??.??"]
[EventType "team"]
[EventRounds "9"]
[EventCountry "URS"]
[SourceTitle "EXT 2000"]
[Source "ChessBase"]
[SourceDate "1999.11.16"]

1. d4 Nf6 2. c4 e6 3. Nc3 Bb4 4. Qc2 O-O 5. Nf3 c5 6. dxc5 Na6 7. Bg5 Nxc5 8.
a3 Bxc3+ 9. Qxc3 Nce4 10. Bxf6 Nxf6 11. e3 b6 12. Be2 Ba6 13. Rd1 Rc8 14. Qd4
Qc7 15. e4 Bxc4 16. Rc1 b5 17. e5 Nd5 18. Bxc4 bxc4 19. O-O Qb6 20. Rfd1 c3 21.
b4 Qa6 22. Ne1 Rc4 23. Qd3 Qc6 24. Nc2 Nf4 25. Qf1 Re4 26. Rd6 Ne2+ 27. Qxe2
Rxe2 28. Rxc6 dxc6 29. Nd4 Rd2 30. Nf3 Ra2 0-1

[Event "Tbilisi tt"]
[Site "Tbilisi"]
[Date "1986.??.??"]
[Round "?"]
[White "Inkiov, Ventzislav"]
[Black "Hernandez Onna, Roman"]
[Result "1-0"]
[WhiteElo "2465"]
[BlackElo "2450"]
[PlyCount "101"]
[EventDate "1986.??.??"]
[EventType "team"]
[EventRounds "9"]
[EventCountry "URS"]
[SourceTitle "EXT 2000"]
[Source "ChessBase"]
[SourceDate "1999.11.16"]

1. d4 Nf6 2. Nf3 e6 3. c4 b6 4. g3 Bb7 5. Bg2 Be7 6. O-O O-O 7. Nc3 Ne4 8. Bd2
d5 9. cxd5 Nxc3 10. bxc3 exd5 11. Qc2 Nd7 12. c4 Nf6 13. Ne5 Ne4 14. Rad1 Nxd2
15. Rxd2 c6 16. Qa4 Qd6 17. cxd5 cxd5 18. Rc2 a6 19. Qd7 Qxd7 20. Nxd7 Rfc8 21.
Rb2 b5 22. Nb6 Rc7 23. Nxa8 Bxa8 24. e3 f5 25. h3 Kf7 26. Bf3 Ba3 27. Rb3 b4
28. Rfb1 a5 29. Rxa3 bxa3 30. Rb3 Rc1+ 31. Kg2 Bc6 32. Rxa3 a4 33. Be2 Ke6 34.
Bd3 g6 35. Kf3 Kd6 36. Ke2 Kc7 37. Kd2 Ra1 38. Bc2 Rf1 39. Ke2 Bb5+ 40. Kf3 Ra1
41. Bxa4 Bc4 42. Rc3 Kb6 43. a3 Ka5 44. Be8 Rb1 45. Kf4 Rb2 46. f3 Rb7 47. e4
fxe4 48. fxe4 Re7 49. exd5 Be2 50. Rc5+ Kb6 51. Rc6+ 1-0

[Event "Calicut op"]
[Site "Calicut"]
[Date "1988.??.??"]
[Round "?"]
[White "Prasad, Devaki V"]
[Black "Hernandez Onna, Roman"]
[Result "1/2-1/2"]
[WhiteElo "2405"]
[BlackElo "2445"]
[PlyCount "36"]
[EventDate "1988.??.??"]
[EventType "swiss"]
[EventRounds "9"]
[EventCountry "IND"]
[SourceTitle "EXT 2010"]
[Source "ChessBase"]
[SourceDate "2010.11.25"]

1. e4 c5 2. Nf3 Nc6 3. d4 cxd4 4. Nxd4 g6 5. Nc3 Bg7 6. Be3 Nf6 7. Bc4 O-O 8.
Bb3 a5 9. a4 Ng4 10. Qxg4 Nxd4 11. Qd1 Nxb3 12. cxb3 d6 13. O-O Be6 14. Nd5
Bxb2 15. Rb1 Bg7 16. Bb6 Qd7 17. Rc1 Bxd5 18. Qxd5 e6 1/2-1/2

[Event "Corte Ingles GC op"]
[Site "Corte Ingles"]
[Date "1988.??.??"]
[Round "?"]
[White "Villavicencio Martinez, Adalberto"]
[Black "Hernandez Onna, Roman"]
[Result "1/2-1/2"]
[WhiteElo "2345"]
[BlackElo "2445"]
[PlyCount "34"]
[EventDate "1988.??.??"]
[EventType "swiss"]
[EventRounds "9"]
[EventCountry "ESP"]
[SourceTitle "EXT 2004"]
[Source "ChessBase"]
[SourceDate "2003.11.25"]

1. e4 c5 2. Nf3 Nc6 3. d4 cxd4 4. Nxd4 g6 5. c4 Bg7 6. Be3 Nf6 7. Nc3 O-O 8.
Be2 d6 9. Qd2 Bd7 10. Rc1 a5 11. f3 a4 12. Ndb5 Qa5 13. Bd1 Ne5 14. Na3 Rfc8
15. Be2 Be6 16. Nd5 Nxd5 17. Qxa5 Rxa5 1/2-1/2

[Event "Kolkata"]
[Site "Kolkata"]
[Date "1988.??.??"]
[Round "?"]
[White "Hernandez Onna, Roman"]
[Black "Ermenkov, Evgenij"]
[Result "0-1"]
[WhiteElo "2445"]
[BlackElo "2480"]
[PlyCount "114"]
[EventDate "1988.04.??"]
[EventType "tourn"]
[EventRounds "13"]
[EventCountry "IND"]
[EventCategory "8"]
[SourceTitle "EXT 1997"]
[Source "ChessBase"]
[SourceDate "1996.11.15"]
[SourceVersion "1"]
[SourceVersionDate "1996.11.15"]
[SourceQuality "1"]

1. d4 Nf6 2. Nf3 c5 3. e3 g6 4. c4 Bg7 5. Nc3 O-O 6. Be2 d6 7. O-O Nc6 8. Re1
e5 9. d5 Ne7 10. e4 Ne8 11. Rb1 h6 12. b4 b6 13. a4 f5 14. a5 Nf6 15. Nd2 g5
16. axb6 axb6 17. bxc5 bxc5 18. exf5 Bxf5 19. Rb3 Ng6 20. Bf1 Nf4 21. Nde4 Nxe4
22. Nxe4 Ra2 23. Ra3 Rxa3 24. Bxa3 Qb6 25. Qc2 Kh8 26. Bc1 Ra8 27. Bd2 Ra3 28.
f3 Rb3 29. Bc3 g4 30. fxg4 Bxg4 31. Ra1 Bf5 32. Re1 Ra3 33. g3 Nh3+ 34. Bxh3
Bxh3 35. Rb1 Qd8 36. Nf2 Bd7 37. Rb7 Be8 38. Qb2 Ra8 39. Qb6 Qg5 40. Qxd6 Qc1+
41. Kg2 Qxc3 42. Rb8 Qa1 43. Rxa8 Qxa8 44. Qxc5 Kh7 45. g4 Qa2 46. h4 Qe2 47.
h5 e4 48. Qe7 Qf3+ 49. Kf1 e3 50. Qe4+ Qxe4 51. Nxe4 Bd7 52. Ke2 Bd4 53. g5
Bg4+ 54. Kf1 e2+ 55. Ke1 Bf3 56. Nd2 Bxh5 57. gxh6 Bc5 0-1

[Event "Kolkata"]
[Site "Kolkata"]
[Date "1988.??.??"]
[Round "?"]
[White "Hernandez Onna, Roman"]
[Black "Prasad, Devaki V"]
[Result "1/2-1/2"]
[WhiteElo "2445"]
[BlackElo "2405"]
[PlyCount "35"]
[EventDate "1988.04.??"]
[EventType "tourn"]
[EventRounds "13"]
[EventCountry "IND"]
[EventCategory "8"]
[SourceTitle "EXT 1997"]
[Source "ChessBase"]
[SourceDate "1996.11.15"]
[SourceVersion "1"]
[SourceVersionDate "1996.11.15"]
[SourceQuality "1"]

1. d4 e6 2. Nf3 f5 3. g3 Nf6 4. Bg2 d5 5. O-O Bd6 6. c4 c6 7. Bf4 Bxf4 8. gxf4
O-O 9. Nbd2 Bd7 10. Qb3 Qb6 11. e3 Be8 12. Qc3 Nbd7 13. b4 Bh5 14. a4 Bxf3 15.
c5 Qd8 16. Bxf3 Ne4 17. Bxe4 fxe4 18. f3 1/2-1/2

[Event "Kolkata"]
[Site "Kolkata"]
[Date "1988.??.??"]
[Round "?"]
[White "Hernandez Onna, Roman"]
[Black "Psakhis, Lev"]
[Result "0-1"]
[WhiteElo "2445"]
[BlackElo "2550"]
[PlyCount "90"]
[EventDate "1988.04.??"]
[EventType "tourn"]
[EventRounds "13"]
[EventCountry "IND"]
[EventCategory "8"]
[SourceTitle "EXT 1997"]
[Source "ChessBase"]
[SourceDate "1996.11.15"]
[SourceVersion "1"]
[SourceVersionDate "1996.11.15"]
[SourceQuality "1"]

1. d4 Nf6 2. Nf3 e6 3. c4 c5 4. e3 a6 5. Nc3 Qc7 6. Bd3 d6 7. O-O Nbd7 8. Re1
g6 9. dxc5 Nxc5 10. Bf1 b6 11. b4 Ncd7 12. Bb2 Bb7 13. Nd4 Bg7 14. Ndb5 axb5
15. Nxb5 Qc6 16. Qxd6 Rb8 17. Be5 Nh5 18. Bxg7 Nxg7 19. c5 bxc5 20. bxc5 Nf5
21. Qxc6 Bxc6 22. Na7 Ne7 23. Rad1 Kd8 24. a4 Kc7 25. Bb5 Nxc5 26. Nxc6 Nxc6
27. Rc1 Kb6 28. Rxc5 Kxc5 29. Rc1+ Kb4 30. Bxc6 Rhc8 31. Rb1+ Kc3 32. Bb5 Kd2
33. g3 Rc1+ 34. Rxc1 Kxc1 35. Kg2 Kd2 36. g4 g5 37. Bc6 Rb2 38. Kg3 f6 39. Bd7
e5 40. Bb5 Ke1 41. f4 exf4+ 42. exf4 Rb3+ 43. Kg2 gxf4 44. Bc6 Ke2 45. a5 f3+
0-1

[Event "Kolkata"]
[Site "Kolkata"]
[Date "1988.??.??"]
[Round "?"]
[White "Rogers, Ian"]
[Black "Hernandez Onna, Roman"]
[Result "1-0"]
[WhiteElo "2520"]
[BlackElo "2445"]
[PlyCount "78"]
[EventDate "1988.04.??"]
[EventType "tourn"]
[EventRounds "13"]
[EventCountry "IND"]
[EventCategory "8"]
[SourceTitle "EXT 1997"]
[Source "ChessBase"]
[SourceDate "1996.11.15"]
[SourceVersion "1"]
[SourceVersionDate "1996.11.15"]
[SourceQuality "1"]

1. e4 c5 2. Nf3 Nc6 3. d4 cxd4 4. Nxd4 g6 5. c4 Bg7 6. Be3 Nf6 7. Nc3 Ng4 8.
Qxg4 Nxd4 9. Qd1 Ne6 10. Rc1 d6 11. b4 O-O 12. Qd2 b6 13. Be2 Bb7 14. Nd5 Nc7
15. Bg5 f6 16. Bf4 e5 17. Be3 Ne6 18. O-O Kh8 19. g3 Rc8 20. Qd3 Qe8 21. Bg4
Qf7 22. Bh3 f5 23. exf5 gxf5 24. f4 e4 25. Qd2 Ba6 26. b5 Bb7 27. Rfd1 Nc5 28.
Bf1 Rce8 29. Be2 Re6 30. Qc2 Rg8 31. a4 h5 32. h4 Kh7 33. Kh2 Bh8 34. Rd2 Kh6
35. Rg1 Rgg6 36. Qa2 Nd3 37. a5 Nc5 38. axb6 axb6 39. Nxb6 Bc3 1-0

[Event "Kolkata"]
[Site "Kolkata"]
[Date "1988.??.??"]
[Round "?"]
[White "Watson, William N"]
[Black "Hernandez Onna, Roman"]
[Result "1/2-1/2"]
[WhiteElo "2535"]
[BlackElo "2445"]
[PlyCount "37"]
[EventDate "1988.04.??"]
[EventType "tourn"]
[EventRounds "13"]
[EventCountry "IND"]
[EventCategory "8"]
[SourceTitle "EXT 1997"]
[Source "ChessBase"]
[SourceDate "1996.11.15"]
[SourceVersion "1"]
[SourceVersionDate "1996.11.15"]
[SourceQuality "1"]

1. e4 c5 2. Nf3 Nc6 3. d4 cxd4 4. Nxd4 g6 5. Nc3 Bg7 6. Be3 Nf6 7. Bc4 O-O 8.
O-O Nxe4 9. Bxf7+ Rxf7 10. Nxe4 h6 11. c4 d6 12. Qd2 Bd7 13. Rad1 Kh7 14. c5 d5
15. Nb3 Bg4 16. f3 dxe4 17. fxg4 Rxf1+ 18. Rxf1 Qd3 19. h3 1/2-1/2

[Event "CUB-ch"]
[Site "Cuba"]
[Date "1988.??.??"]
[Round "?"]
[White "Estevez Morales, Guillermo"]
[Black "Hernandez Onna, Roman"]
[Result "1/2-1/2"]
[WhiteElo "2310"]
[BlackElo "2430"]
[PlyCount "71"]
[EventDate "1988.10.??"]
[EventType "swiss"]
[EventRounds "10"]
[EventCountry "CUB"]
[SourceTitle "TD"]
[Source "ChessBase"]
[SourceDate "1994.03.01"]

1. e4 c5 2. Nf3 Nc6 3. d4 cxd4 4. Nxd4 g6 5. Nc3 Bg7 6. Be3 Nf6 7. Bc4 O-O 8.
Bb3 a5 9. f3 d5 10. Bxd5 Nxd5 11. exd5 Nb4 12. Nde2 e6 13. O-O exd5 14. Bd4
Bxd4+ 15. Nxd4 Qb6 16. Na4 Qa7 17. Kh1 Bd7 18. Nc3 a4 19. a3 Nc6 20. Ndb5 Qb6
21. Nxd5 Qxb5 22. Nf6+ Kg7 23. Nxd7 Rfd8 24. Qd6 Qxb2 25. Rad1 Nb8 26. Rb1 Qc3
27. Qc5 Qxc5 28. Nxc5 Rc8 29. Nxb7 Rc3 30. Nd6 Nc6 31. Rb7 Nd8 32. Rd7 Rxa3 33.
g4 Re3 34. Rd1 a3 35. Nc4 Re8 36. Nxa3 1/2-1/2

[Event "CUB-ch"]
[Site "Cuba"]
[Date "1988.??.??"]
[Round "?"]
[White "Hernandez Onna, Roman"]
[Black "Gomez, Adalberto"]
[Result "1-0"]
[WhiteElo "2430"]
[BlackElo "2370"]
[PlyCount "81"]
[EventDate "1988.10.??"]
[EventType "swiss"]
[EventRounds "10"]
[EventCountry "CUB"]
[SourceTitle "TD"]
[Source "ChessBase"]
[SourceDate "1994.03.01"]

1. d4 d5 2. c4 e6 3. Nc3 Nf6 4. Bg5 Be7 5. e3 O-O 6. Nf3 b6 7. Be2 Bb7 8. O-O
Nbd7 9. Rc1 dxc4 10. Bxc4 c5 11. Qe2 Ne8 12. Bf4 Nd6 13. Bd3 cxd4 14. exd4 Nf6
15. Ne5 Nf5 16. Bxf5 exf5 17. Qd3 Nd5 18. Bd2 g6 19. Bh6 Re8 20. Qg3 Bh4 21.
Qh3 Bg5 22. Bxg5 Qxg5 23. Nxf7 Qf6 24. Nxd5 Bxd5 25. Ne5 Bxa2 26. Rc7 Re7 27.
Rfc1 Bd5 28. Qh6 Rae8 29. h4 Qg7 30. Rxe7 Qxe7 31. h5 g5 32. b4 a5 33. bxa5
bxa5 34. Rc5 Rd8 35. Qa6 Bb7 36. Qc4+ Kf8 37. Rc7 Rxd4 38. Rxe7 Rxc4 39. Rxb7
Rc1+ 40. Kh2 a4 41. Rxh7 1-0

[Event "CUB-ch"]
[Site "Cuba"]
[Date "1988.??.??"]
[Round "?"]
[White "Hernandez Onna, Roman"]
[Black "Nogueiras Santiago, Jesus"]
[Result "1/2-1/2"]
[WhiteElo "2430"]
[BlackElo "2550"]
[PlyCount "62"]
[EventDate "1988.10.??"]
[EventType "swiss"]
[EventRounds "10"]
[EventCountry "CUB"]
[SourceTitle "TD"]
[Source "ChessBase"]
[SourceDate "1994.03.01"]

1. c4 c5 2. Nf3 Nf6 3. g3 Nc6 4. Bg2 d5 5. cxd5 Nxd5 6. Nc3 Nc7 7. d3 e5 8. Nd2
Bd7 9. a4 Be7 10. Nc4 O-O 11. O-O b6 12. Kh1 Rc8 13. f4 exf4 14. Bxf4 Ne6 15.
Nd5 Nxf4 16. gxf4 Be6 17. e4 Bxd5 18. exd5 Nd4 19. Qg4 f5 20. Qh5 Rf6 21. Rae1
Rh6 22. Qd1 Bd6 23. Re3 g5 24. Rg3 g4 25. Re3 Qf8 26. Nxd6 Qxd6 27. Re5 Rf8 28.
Qe1 a5 29. Re7 Rh5 30. Qe3 Qf6 31. Rb7 Rh6 1/2-1/2

[Event "CUB-ch"]
[Site "Cuba"]
[Date "1988.??.??"]
[Round "?"]
[White "Ortega, Lexy"]
[Black "Hernandez Onna, Roman"]
[Result "0-1"]
[WhiteElo "2380"]
[BlackElo "2430"]
[PlyCount "78"]
[EventDate "1988.10.??"]
[EventType "swiss"]
[EventRounds "10"]
[EventCountry "CUB"]
[SourceTitle "TD"]
[Source "ChessBase"]
[SourceDate "1994.03.01"]

1. c4 c5 2. Nf3 Nc6 3. d4 cxd4 4. Nxd4 g6 5. e4 Bg7 6. Be3 Nf6 7. Nc3 Ng4 8.
Qxg4 Nxd4 9. Qd1 Ne6 10. Rc1 O-O 11. b4 d6 12. Be2 b6 13. O-O Bb7 14. Qd2 Re8
15. Nd5 Nf8 16. Bd4 Bxd4 17. Qxd4 e5 18. Qd2 Ne6 19. Rc3 a5 20. a3 axb4 21.
axb4 Bxd5 22. cxd5 Nd4 23. Rfc1 Qh4 24. Bd3 Kg7 25. Qb2 Re7 26. Rc7 Rxc7 27.
Rxc7 h5 28. h3 g5 29. Rc3 g4 30. Bf1 Qg5 31. b5 Qf4 32. hxg4 hxg4 33. Rg3 Rc8
34. Qa3 Rc1 35. Qe3 Kf6 36. Qd3 Ra1 37. Qc4 Qd2 38. Qc8 Rxf1+ 39. Kh2 Qh6+ 0-1